00302nam a2200097Ia 4500008004100000020001800041100002600059245005400085260004800139300001700187180205s9999 xx 000 0 und d a9789710445943 aAstorga, Eriberto Jr, aPagbasa, Pagsulat at Pananaliksik :bfilipino 2 / aIntramuros CitybMindshaper Co., Inc.c2010 av, 175 pages